[Event "Bhubaneswar op 1st"]
[Site "Bhubaneswar"]
[Date "2009.06.07"]
[Round "1"]
[White "Suwal, Suman"]
[Black "Rychagov, Andrey"]
[Result "0-1"]
[WhiteElo "1943"]
[BlackElo "2530"]
[PlyCount "62"]
[EventDate "2009.06.07"]
[EventType "swiss"]
[EventRounds "10"]
[EventCountry "IND"]
[SourceTitle "CBM 130 Extra"]
[Source "ChessBase"]
[SourceDate "2009.07.02"]
[SourceVersion "2"]
[SourceVersionDate "2009.07.15"]
[SourceQuality "1"]

1. e4 c5 2. Nf3 e6 3. d4 cxd4 4. Nxd4 a6 5. Nc3 Qc7 6. Be3 Nf6 7. Be2 Bb4 8. Qd3 Bxc3+ 9. bxc3 Nxe4 10. Qxe4 Qxc3+ 11. Bd2 Qxa1+ 12. Bd1 Nc6 13. Nxc6 dxc6 14. Qb4 Qe5+ 15. Be3 c5 16. Qxc5 Qxc5 17. Bxc5 Bd7 18. 0-0 Rc8 19. Bb4 f6 20. c3 Kf7 21. Bb3 Bb5 22. Re1 Bc4 23. Rd1 Bxb3 24. Rd7+ Kg6 25. axb3 Rhd8 26. Rxd8 Rxd8 27. g3 b6 28. Kf1 a5 29. Ba3 Rd3 30. Bb2 Rd1+ 31. Ke2 Rb1 0-1